Govt. of
Madhya Pradesh

Hindu : Fasts & festivals (Record no. 63496)

MARC details
000 -LEADER
fixed length control field 00260nam a22001097a 4500
082 ## - DEWEY DECIMAL CLASSIFICATION NUMBER
Classification number 294
100 ## - MAIN ENTRY--AUTHOR NAME
Personal name Geeta Anand Kumar
245 ## - TITLE STATEMENT
Title Hindu : Fasts & festivals
260 ## - PUBLICATION, DISTRIBUTION, ETC. (IMPRINT)
Place of publication Delhi
Name of publisher Sahitya surbhi
Year of publication 2019
650 ## - SUBJECT ADDED ENTRY--TOPICAL TERM
Topical Term Hindu Religion
942 ## - ADDED ENTRY ELEMENTS (KOHA)
Koha item type Books
Holdings
Withdrawn status Lost status Damaged status Not for loan Home library Current library Date acquired Cost, normal purchase price Full call number Accession Number Price effective from Koha item type
        MACL MACL 04/10/2020 575.00 294 CRE037511 04/10/2020 Books